Normal view
MARC view
- MS- Engineering Sciences
Entry Topical Term
001 - CONTROL NUMBER
- control field: 127364
003 - CONTROL NUMBER IDENTIFIER
- control field: NUST
005 - DATE AND TIME OF LATEST TRANSACTION
- control field: 20250103124751.0
008 - FIXED-LENGTH DATA ELEMENTS
- fixed length control field: 250103|| aca||aabn | a|a d
040 ## - CATALOGING SOURCE
- Original cataloging agency: NUST
- Transcribing agency: NUST
150 ## - HEADING--TOPICAL TERM
- Topical term or geographic name entry element: MS- Engineering Sciences
670 ## - SOURCE DATA FOUND
- Source citation: Work cat.: (NUST)535405: Ejaz Muhammad Muzammil. 127322, Study of various working fluids on MEMS-based Micro-Resistojet Thruster through CFD /, 2016.
